Die 150 größten deutschen Städte - Statistiken

Allgemein
  • Dieses Quiz wurde 340 mal gespielt
  • Das Durchschnittsergebnis liegt bei 87 aus 150
Antwortstatistiken
Einwohner Stadt % Korrekt
3.782.202 Berlin
98%
1.910.160 Hamburg
98%
1.510.378 München
98%
1.087.353 Köln
97%
595.471 Dortmund
96%
631.217 Düsseldorf
95%
775.790 Frankfurt am Main
95%
633.484 Stuttgart
95%
248.873 Kiel
94%
619.879 Leipzig
94%
577.026 Bremen
93%
566.222 Dresden
93%
526.091 Nürnberg
92%
586.608 Essen
91%
548.186 Hannover
89%
252.769 Aachen
87%
335.789 Bonn
87%
222.889 Mainz
87%
503.707 Duisburg
86%
237.244 Freiburg
86%
240.114 Magdeburg
86%
303.150 Augsburg
85%
265.885 Gelsenkirchen
85%
316.877 Mannheim
85%
210.795 Rostock
85%
215.675 Erfurt
84%
187.119 Potsdam
84%
183.509 Saarbrücken
84%
338.410 Bielefeld
83%
366.385 Bochum
83%
252.066 Braunschweig
81%
309.964 Karlsruhe
81%
129.942 Ulm
81%
127.256 Wolfsburg
81%
159.465 Regensburg
80%
110.791 Jena
79%
219.044 Lübeck
79%
322.904 Münster
79%
285.522 Wiesbaden
79%
250.681 Chemnitz
77%
142.308 Ingolstadt
77%
204.687 Kassel
77%
164.792 Darmstadt
76%
166.414 Leverkusen
76%
155.749 Paderborn
76%
98.733 Schwerin
76%
358.938 Wuppertal
76%
92.667 Flensburg
75%
242.172 Halle (Saale)
75%
132.032 Fürth
74%
112.737 Trier
74%
114.677 Bremerhaven
72%
100.010 Cottbus
72%
101.486 Kaiserslautern
72%
115.298 Koblenz
72%
174.629 Oldenburg
72%
166.960 Osnabrück
72%
211.099 Oberhausen
71%
128.246 Würzburg
71%
162.960 Heidelberg
70%
176.110 Ludwigshafen
70%
268.943 Mönchengladbach
70%
180.761 Hamm
67%
135.490 Offenbach
67%
94.847 Gera
66%
120.261 Göttingen
66%
87.593 Zwickau
65%
72.918 Aschaffenburg
64%
157.896 Herne
63%
112.660 Bergisch Gladbach
62%
117.806 Erlangen
62%
228.550 Krefeld
62%
102.114 Siegen
62%
80.580 Bamberg
60%
73.921 Brandenburg an der Havel
60%
130.093 Heilbronn
60%
102.325 Hildesheim
59%
85.770 Konstanz
58%
161.545 Solingen
58%
118.705 Bottrop
57%
190.490 Hagen
57%
94.996 Gießen
56%
128.992 Pforzheim
56%
155.163 Neuss
55%
111.693 Recklinghausen
55%
74.907 Bayreuth
54%
102.464 Gütersloh
53%
105.039 Salzgitter
52%
103.184 Hanau
51%
112.970 Remscheid
51%
93.615 Tübingen
51%
65.611 Weimar
51%
105.606 Moers
50%
118.528 Reutlingen
50%
77.511 Lüneburg
48%
94.859 Ludwigsburg
47%
70.366 Fulda
46%
69.147 Aalen
45%
65.192 Rosenheim
45%
89.145 Villingen-Schwenningen
44%
85.609 Worms
44%
70.293 Celle
43%
93.323 Düren
43%
78.203 Marburg
43%
95.881 Esslingen am Neckar
41%
83.100 Minden
41%
63.441 Friedrichshafen
40%
92.404 Iserlohn
40%
64.390 Neubrandenburg
40%
80.185 Neumünster
40%
95.724 Witten
40%
79.686 Dessau-Roßlau
39%
62.195 Offenburg
39%
61.780 Neu-Ulm
38%
76.247 Wilhelmshaven
38%
173.255 Mülheim an der Ruhr
37%
70.713 Kempten
35%
65.218 Plauen
34%
87.513 Ratingen
34%
87.266 Lünen
33%
85.001 Marl
33%
72.409 Bocholt
32%
78.979 Delmenhorst
32%
74.370 Castrop-Rauxel
30%
75.272 Landshut
30%
82.719 Norderstedt
30%
74.835 Detmold
29%
75.799 Gladbeck
29%
76.842 Dorsten
28%
69.047 Lippstadt
28%
71.463 Lüdenscheid
28%
79.250 Viersen
28%
67.949 Dinslaken
26%
67.265 Herford
26%
67.656 Rüsselsheim am Main
26%
82.462 Velbert
26%
61.277 Wesel
24%
65.170 Dormagen
23%
78.220 Rheine
23%
65.504 Sindelfingen
22%
76.503 Troisdorf
21%
74.206 Arnsberg
20%
64.588 Grevenbroich
19%
66.243 Neuwied
19%
61.252 Hürth
18%
61.594 Garbsen
15%
62.204 Herten
15%
67.627 Kerpen
15%
62.172 Bergheim
13%
62.726 Schwäbisch Gmünd
13%
Keine übereinstimmenden Quizze gefunden
Verteilung der Resultate
Anzahl Personen mit jedem Resultat
Perzentil nach korrekt beantworteten Fragen
Ihre Resultats-Entwicklung
Sie haben dieses Quiz noch nicht gespielt